00453nam a2200157Ia 4500003000400000008004100004040001600045082001600061100002200077245006400099260005100163300000800214650002100222650002300243650002900266GCL140319s9999 xx 000 0 eng d aGCL / cGCL04a781.11bH D1 aHARGREASES, DABID10aTHE DEVELOPMENTAL PSYCHOLOGY OF MUSIC / cHARGREASES, DABID a[S.N] : bCAMLRIDGE UNIVERSITY PRESS ، c1992 a26004aCHILD PSYCHOLOGY04aMUSIC - PSYCHOLOGY04aSEVELAPMENTAL PSYCHOLOGY